[Event "Championship Moscow 2015 Seniors rapid"]
[Site "?"]
[Date "2015.11.29"]
[Round "9.18"]
[White "Korolev, Evgeniy"]
[Black "Archangelsky, Mikhail"]
[Result "1-0"]
[BlackElo "2080"]
[WhiteElo "2057"]
[LiveChessVersion "1.4.6"]

1. e4 {[%clk 0:10:06]} e6 {[%clk 0:10:08]} 2. d3 {[%clk 0:10:10]} c5
{[%clk 0:10:10]} 3. Nf3 {[%clk 0:10:11]} Nc6 {[%clk 0:10:13]} 4. g3
{[%clk 0:10:11]} g6 {[%clk 0:10:15]} 5. Bg2 {[%clk 0:10:15]} Bg7 {[%clk 0:10:19]}
6. O-O {[%clk 0:10:16]} Nge7 {[%clk 0:10:22]} 7. Re1 {[%clk 0:10:06]} O-O
{[%clk 0:10:22]} 8. c3 {[%clk 0:10:03]} e5 {[%clk 0:10:21]} 9. Bg5
{[%clk 0:09:47]} h6 {[%clk 0:10:14]} 10. Be3 {[%clk 0:09:50]} d6 {[%clk 0:10:01]}
11. Qd2 {[%clk 0:09:53]} Kh7 {[%clk 0:10:04]} 12. h4 {[%clk 0:09:43]} Bg4
{[%clk 0:09:58]} 13. Nh2 {[%clk 0:09:27]} Be6 {[%clk 0:10:01]} 14. Na3
{[%clk 0:09:10]} b6 {[%clk 0:09:33]} 15. f4 {[%clk 0:08:32]} d5 {[%clk 0:08:40]}
16. fxe5 {[%clk 0:08:07]} Nxe5 {[%clk 0:08:36]} 17. d4 {[%clk 0:07:33]} Ng4
{[%clk 0:08:18]} 18. Nxg4 {[%clk 0:07:34]} Bxg4 {[%clk 0:08:19]} 19. dxc5
{[%clk 0:07:32]} dxe4 {[%clk 0:07:58]} 20. Bxe4 {[%clk 0:07:28]} Qc7
{[%clk 0:07:53]} 21. Qd6 {[%clk 0:07:14]} Qxd6 {[%clk 0:06:53]} 22. cxd6
{[%clk 0:07:18]} Nf5 {[%clk 0:06:56]} 23. Bxa8 {[%clk 0:06:44]} Rxa8
{[%clk 0:06:55]} 24. Bf4 {[%clk 0:06:35]} Rd8 {[%clk 0:06:42]} 25. Nc4
{[%clk 0:06:05]} Bf3 {[%clk 0:05:48]} 26. Ne5 {[%clk 0:05:16]} Bd5
{[%clk 0:05:29]} 27. Rad1 {[%clk 0:04:25]} Be6 {[%clk 0:04:41]} 28. Nc6
{[%clk 0:03:48]} Rd7 {[%clk 0:04:31]} 29. Nb8 {[%clk 0:03:28]} Rd8
{[%clk 0:04:12]} 30. d7 {[%clk 0:03:31]} Bf6 {[%clk 0:01:16]} 31. Bc7
{[%clk 0:03:29]} Nxg3 {[%clk 0:01:04]} 32. Bxg3 {[%clk 0:03:22]} Bg4
{[%clk 0:00:43]} 33. Rd2 {[%clk 0:03:09]} 1-0

[Event "Championship Moscow 2015 Seniors rapid"]
[Site "?"]
[Date "2015.11.29"]
[Round "9.19"]
[White "Lazarev, Gennady"]
[Black "Kalinin, Anatoly"]
[Result "1/2-1/2"]
[BlackElo "2073"]
[WhiteElo "1988"]
[LiveChessVersion "1.4.6"]

1. e4 {[%clk 0:10:08]} c6 {[%clk 0:10:07]} 2. Nf3 {[%clk 0:10:12]} d5
{[%clk 0:10:11]} 3. Nc3 {[%clk 0:10:16]} g6 {[%clk 0:10:11]} 4. e5
{[%clk 0:10:03]} c5 {[%clk 0:10:12]} 5. Bb5+ {[%clk 0:09:55]} Nc6
{[%clk 0:10:15]} 6. d4 {[%clk 0:09:34]} a6 {[%clk 0:10:15]} 7. Bxc6+
{[%clk 0:09:27]} bxc6 {[%clk 0:10:19]} 8. dxc5 {[%clk 0:09:30]} Qa5
{[%clk 0:09:55]} 9. Be3 {[%clk 0:09:23]} Rb8 {[%clk 0:09:49]} 10. O-O
{[%clk 0:08:06]} Rxb2 {[%clk 0:09:21]} 11. Bd4 {[%clk 0:08:04]} Rb7
{[%clk 0:09:03]} 12. e6 {[%clk 0:07:40]} f6 {[%clk 0:08:54]} 13. Rb1
{[%clk 0:07:41]} Nh6 {[%clk 0:08:43]} 14. Rxb7 {[%clk 0:07:34]} Bxb7
{[%clk 0:08:47]} 15. Qb1 {[%clk 0:07:08]} Qc7 {[%clk 0:08:49]} 16. Qb6
{[%clk 0:06:56]} Kd8 {[%clk 0:08:21]} 17. Rb1 {[%clk 0:06:52]} Bc8
{[%clk 0:07:56]} 18. Ne5 {[%clk 0:06:23]} Qxb6 {[%clk 0:07:43]} 19. cxb6
{[%clk 0:06:19]} Bb7 {[%clk 0:07:44]} 20. Nd3 {[%clk 0:06:17]} Nf5
{[%clk 0:07:46]} 21. Ne2 {[%clk 0:05:48]} Kc8 {[%clk 0:05:41]} 22. Nc5
{[%clk 0:05:47]} Bg7 {[%clk 0:05:23]} 23. Nd7 {[%clk 0:05:16]} Rd8
{[%clk 0:05:14]} 24. Bc5 {[%clk 0:05:12]} Rxd7 {[%clk 0:05:15]} 25. exd7+
{[%clk 0:05:16]} Kxd7 {[%clk 0:05:19]} 26. f4 {[%clk 0:04:19]} e5
{[%clk 0:05:19]} 27. g4 {[%clk 0:04:12]} Nd6 {[%clk 0:05:21]} 28. fxe5
{[%clk 0:04:09]} fxe5 {[%clk 0:05:25]} 29. Rf1 {[%clk 0:04:11]} Bh6
{[%clk 0:04:50]} 30. Bxd6 {[%clk 0:03:18]} Be3+ {[%clk 0:04:51]} 31. Kg2
{[%clk 0:03:22]} Kxd6 {[%clk 0:04:48]} 32. Rf7 {[%clk 0:03:26]} Bxb6
{[%clk 0:04:50]} 33. Rxb7 {[%clk 0:03:28]} Bc7 {[%clk 0:04:51]} 34. h4
{[%clk 0:03:13]} c5 {[%clk 0:04:54]} 35. Ra7 {[%clk 0:03:12]} d4 {[%clk 0:04:38]}
36. Rxa6+ {[%clk 0:03:05]} Kd5 {[%clk 0:04:42]} 37. Ra7 {[%clk 0:03:06]} Bd6
{[%clk 0:04:42]} 38. Rxh7 {[%clk 0:03:05]} e4 {[%clk 0:04:44]} 39. h5
{[%clk 0:02:53]} gxh5 {[%clk 0:04:44]} 40. Rxh5+ {[%clk 0:02:42]} Kc4
{[%clk 0:04:47]} 41. Rh6 {[%clk 0:02:34]} Be5 {[%clk 0:04:46]} 42. Ng1
{[%clk 0:01:52]} d3 {[%clk 0:04:47]} 43. cxd3+ {[%clk 0:01:51]} Kxd3
{[%clk 0:04:29]} 44. Re6 {[%clk 0:01:47]} Bd4 {[%clk 0:04:26]} 45. g5
{[%clk 0:01:43]} c4 {[%clk 0:04:30]} 46. Rd6 {[%clk 0:01:36]} c3 {[%clk 0:04:32]}
47. Rxd4+ {[%clk 0:01:34]} Kxd4 48. Ne2+ Kd3 49. Nxc3 Kxc3 {[%clk 0:04:30]} 50.
g6 {[%clk 0:01:13]} e3 {[%clk 0:04:34]} 51. g7 e2 52. g8=Q {[%clk 0:00:30]} e1=Q
{[%clk 0:04:35]} 53. Qb3+ {[%clk 0:00:20]} Kd4 {[%clk 0:04:28]} 54. Qb6+
{[%clk 0:00:22]} Kd5 {[%clk 0:04:24]} 55. Qb5+ {[%clk 0:00:22]} Kd6
{[%clk 0:04:15]} 56. Qc4 {[%clk 0:00:20]} Qd2+ {[%clk 0:04:11]} 57. Kf3
{[%clk 0:00:24]} Qd5+ {[%clk 0:04:03]} 58. Qxd5+ {[%clk 0:00:27]} Kxd5
{[%clk 0:04:07]} 59. Ke3 1/2-1/2

[Event "Championship Moscow 2015 Seniors rapid"]
[Site "?"]
[Date "2015.11.29"]
[Round "9.20"]
[White "Nikulin, Vladimir"]
[Black "Neiman, Mikhail"]
[Result "0-1"]
[BlackElo "2062"]
[WhiteElo "1752"]
[LiveChessVersion "1.4.6"]

1. e4 c6 2. g3 e5 3. Bg2 Nf6 4. Ne2 d5 5. d3 Bd6 6. O-O O-O 7. Bg5 dxe4 8. dxe4
h6 9. Bxf6 Qxf6 10. Nbc3 Bc5 11. Qc1 Be6 12. Na4 Nd7 13. Nxc5 Nxc5 14. f4 Bc4 15.
Qe3 Bxe2 16. Qxe2 exf4 17. gxf4 Qxb2 18. Qf2 b6 19. e5 Rac8 20. Qg3 Qd4+ 21. Kh1
Ne4 22. Qh4 f5 23. Rad1 Qc5 24. Rd7 Rf7 25. e6 Rf6 26. e7 Re8 27. Bxe4 fxe4 28.
Qg4 Rxe7 29. Rd8+ Rf8 30. Qc8 Rxd8 31. Qxd8+ Kh7 32. f5 e3 33. f6 Qc4 34. Rg1
Qe4+ 35. Rg2 e2 0-1